[Event "Krefeld op"]
[Site "Krefeld"]
[Date "2023.08.06"]
[Round "8"]
[White "Braun, Joshua"]
[Black "Boehme, Sebastian2222"]
[Result "0-1"]
[WhiteElo "1633"]
[BlackElo "1644"]
[PlyCount "122"]
[EventDate "2023.08.02"]
[EventType "swiss"]
[EventRounds "9"]
[EventCountry "GER"]
[SourceTitle "CBM 215 Extra"]
[Source "ChessBase"]
[SourceDate "2023.09.30"]
[SourceVersion "1"]
[SourceVersionDate "2023.09.30"]
[SourceQuality "1"]

1. e4 d5 2. exd5 Nf6 3. Nc3 Nxd5 4. Nxd5 Qxd5 5. Qf3 Be6 6. Qxd5 Bxd5 7. c4 Be4 8. d3 Bg6 9. Nf3 Nc6 10. Bf4 0-0-0 11. 0-0-0 Nb4 12. a3 Nxd3+ 13. Bxd3 Rxd3 14. Ne5 Rxd1+ 15. Rxd1 e6 16. Rd7 Rg8 17. Rd1 Be7 18. Be3 Bd6 19. Nxg6 hxg6 20. c5 Be5 21. Bg5 Rh8 22. h3 Bf6 23. Be3 c6 24. Bf4 Rh5 25. b4 Rf5 26. Be3 Bg5 27. Bxg5 Rxg5 28. g3 Rf5 29. Rd2 Kc7 30. Kc2 Rh5 31. h4 Rf5 32. f4 Rd5 33. Rd3 Kd7 34. g4 f6 35. Kc3 g5 36. fxg5 fxg5 37. Rf3 Ke7 38. h5 Rd1 39. Re3 Rf1 40. Re4 Rf3+ 41. Kb2 Rf4 42. Rxf4 gxf4 43. Kc3 Kf6 44. Kd3 Kg5 45. Ke2 Kxg4 46. a4 a6 47. h6 gxh6 48. Kf2 e5 49. Kg2 e4 50. Kf2 h5 51. Kg2 e3 52. b5 axb5 53. axb5 cxb5 54. c6 bxc6 55. Kh2 Kf3 56. Kh3 e2 57. Kh4 e1Q+ 58. Kxh5 Qg3 59. Kh6 Qg8 60. Kh5 Qg7 61. Kh4 Qg4# 0-1

[Event "Krefeld op"]
[Site "Krefeld"]
[Date "2023.08.03"]
[Round "2"]
[White "Braun, Joshua"]
[Black "Muhs, Patrick"]
[Result "1-0"]
[WhiteElo "1633"]
[BlackElo "1234"]
[PlyCount "105"]
[EventDate "2023.08.02"]
[EventType "swiss"]
[EventRounds "9"]
[EventCountry "GER"]
[SourceTitle "CBM 215 Extra"]
[Source "ChessBase"]
[SourceDate "2023.09.30"]
[SourceVersion "1"]
[SourceVersionDate "2023.09.30"]
[SourceQuality "1"]

1. e4 e5 2. Nf3 Nc6 3. Bc4 Bc5 4. 0-0 d6 5. Nc3 Bg4 6. Be2 Bxf3 7. Bxf3 Nf6 8. d3 h6 9. Na4 Bb6 10. Nxb6 axb6 11. c3 0-0 12. Be3 Re8 13. Be2 d5 14. f3 d4 15. Bf2 Qd6 16. c4 Ne7 17. Bh4 Ng6 18. Bxf6 Qxf6 19. g3 Qe6 20. Rf2 c5 21. a3 Ra7 22. Rc1 Qc6 23. Qb3 Qa4 24. Qxb6 Qa5 25. Qxa5 Rxa5 26. Bf1 b5 27. Bh3 Rb8 28. Bd7 bxc4 29. Rxc4 Rb3 30. Rd2 Kf8 31. a4 Rb4 32. Rxb4 cxb4 33. Bb5 Ne7 34. Rc2 b3 35. Rc4 Ra8 36. Rb4 Rc8 37. Bc4 Nc6 38. Rxb3 Na5 39. Rb4 Nxc4 40. Rxc4 Rxc4 41. dxc4 Ke7 42. b4 Kd7 43. Kf2 Kc6 44. Ke2 g6 45. h4 f5 46. exf5 gxf5 47. Kd3 h5 48. a5 Kb7 49. b5 Ka7 50. c5 Kb7 51. a6+ Ka7 52. f4 exf4 53. gxf4 1-0